|
|
|
|
| LEADER |
01080nam a2200313 a 4500 |
| 001 |
000002096 |
| 003 |
02702 |
| 005 |
20171229145311.0 |
| 008 |
171229s2005 vie |
| 040 |
|
|
|a LSK
|
| 041 |
0 |
|
|a VIE
|
| 082 |
0 |
|
|a 005.1
|b NG-B
|
| 100 |
1 |
|
|a Nguyễn Văn Ba
|
| 245 |
0 |
0 |
|a Phát triển hệ thống hướng đối tượng với UML 20 và C++
|
| 260 |
|
|
|b Đại Học Quốc Gia
|c 2005
|
| 300 |
|
|
|a 368 pages
|c 24 cm.
|
| 653 |
|
|
|a UML (Lập trình hướng đối tượng). C ++(Lập trình hướng đối tượng)
|
| 852 |
|
|
|a Phòng Đọc - Phòng Mượn
|
| 901 |
|
|
|a 6
|
| 927 |
|
|
|a Sách tham khảo
|
| OWN |
|
|
|a LSK
|
| AVA |
|
|
|a UDN50
|b LSK
|d 005.1 NG-B
|e available
|t Error 5001 Not defined in file expand_doc_bib_avail.
|f 6
|g 0
|h N
|i 0
|k 1
|
| 999 |
|
|
|a From the UDN01
|
| AVA |
|
|
|a UDN50
|b LSK
|d 005.1 NG-B
|e available
|t Error 5001 Not defined in file expand_doc_bib_avail.
|f 6
|g 0
|h N
|i 0
|k 1
|
| TYP |
|
|
|a Monograph
|
| TYP |
|
|
|a Printed language
|
| 980 |
|
|
|a Mạng thư viện Đại học Đà Nẵng
|